"Via Regia" - Preußens Weg zur Krone

Titel: "Via Regia" - Preußens Weg zur Krone : Zur Eröffnung der Ausstellung des Geheimen Staatsarchivs
Verfasser:
In: Stiftung Preußischer Kulturbesitz: Jahrbuch Preußischer Kulturbesitz ..., Band 35 (1998), Seite 179-188, Abb.
alle Artikel anzeigen
Veröffentlicht: 1998 [1999]
Format: Aufsatz
Sprache: Deutsch
Kein Bild verfügbar
X
alg: 39165418
001A    $01999:11-11-16 
001B    $01999:15-05-21 $t21:01:25.000 
001C    $06050:19-11-16 $t08:33:05.000 
001D    $01999:11-11-16 
001U    $0utf8 
001X    $00 
002@    $0Aox 
003@    $0391654187 
007A    $0391654187 $aHEB 
007T    $0Herd39500 
010@    $ager 
011@    $a1998 $n1998 [1999] 
021A    $a"Via Regia" - Preußens Weg zur Krone $dZur Eröffnung der Ausstellung des Geheimen Staatsarchivs 
028A    $aGundermann $dIselin 
031A    $d35 $h179-188, Abb. $j1998 
037A    $aAusstellung zur Krönung Friedrichs I. 1701 in Königsberg vom 20. März bis zum 17. Mai 1998 in der Kunstbibliothek am Kulturforum in Berlin. 
037A    $aWystawa dotycząca koronacji Fryderyka I w 1701 r. w Królewcu, która odbyła się w dniach 20 III - 17 V 1998 r. w Kunstbibliothek am Kulturforum w Berlinie  
039B    $aIn $8--Abvc--Stiftung Preußischer Kulturbesitz [Tb1]. Jahrbuch Preußischer Kulturbesitz .... - Berlin : Mann, 1963-[2016]. - ISSN 0342-0124 $x199800000350000821 $9046848940 
045F    $a069.094382 $eDDC23BSB 
045F/01 $a069 
045F/03 $g4382 
045F/03 $g43832 
045T    $a24 

lok: 39165418 78

exp: 39165418 78 1 #EPN
201B/01 $005-12-17 $t23:50:17.000 
201U/01 $0utf8 
203@/01 $0787748757 
208@/01 $a11-11-16 $be 
209A/01 $a/ $f000 $x00 
220C/01 $aTitelaufnehmer: ks 
244Z/01 $2Trx $#Prusy Wschodnie i Zachodnie $8--Trx--Ost- und Westpreußen $x01 $939113373X 
244Z/01 $#Königsberg Preußen $#Königsberg i. Pr. $#Königsberg Pr. $#Königsberg in Ostpreußen $#Königsberg Ostpreußen $#Königsberg (Pr.) $#Königsberg Pregel $#Stadtgemeinde Königsberg $#Königsbergk $#Kaliningrad $#Karaliánčins $#Krulevec $#Karaláuczuje $#Królewiec $#Karaliaučius $#Regimontanus $#Regiomontium $#Regiomontum $#Regiomontum Borussiae $#Калининград $74031541-1 $8--Tg1--Königsberg $x02 $908508364X 
244Z/01 $aGeschichte 1657-1861 $x03 
244Z/01 $2Trx $#Friedrich III. $8--Trx--$PFriedrich I.$Z1657-1713 $x04 $939083646X 
244Z/01 $2Trx $#kroonimised $#karūnavimai $#coronations $#koronázások $#koronacje $#korunovácie $#korunovace $8--Trx--Krönungen $x05 $9391370073 
244Z/01 $2Trx $#näitused, ajaloolised $#parodos, istorijos $#exhibitions, historical $#történelmi kiállitások $#wystawy historyczne $#výstavy, historické $#výstavy historické $8--Trx--Ausstellungen, historische $x06 $9391383426 
244Z/01 $2Trx $8--Trx--Zeitschriftenaufsatz $x07 $9391384341 
245Z/01 $a11.13 $x01 
247C/01 $82080>Marburg/Lahn, Herder-Institut, Forschungsbibliothek, Bibliographieportal $9336309341
LEADER 00000caa a22000002c 4500
001 391654187
003 DE-603
005 20210515210125.0
007 tu
008 161111s1998 xx |||| | u00||u|ger c
035 |a (DE-599)HEB391654187 
040 |a DE-603  |b ger  |c DE-603  |d DE-603 
041 |a ger 
082 0 4 |8 1\u  |a 069.094382  |q DE-101  |2 23/BSB 
084 |a 24  |2 ssgn 
085 |8 1\u  |b 069 
085 |8 1\u  |z 2  |s 4382 
085 |8 1\u  |z 2  |s 43832 
100 1 |a Gundermann, Iselin 
245 0 0 |a "Via Regia" - Preußens Weg zur Krone  |b Zur Eröffnung der Ausstellung des Geheimen Staatsarchivs 
264 0 |c 1998 [1999] 
500 |a Ausstellung zur Krönung Friedrichs I. 1701 in Königsberg vom 20. März bis zum 17. Mai 1998 in der Kunstbibliothek am Kulturforum in Berlin. 
500 |a Wystawa dotycząca koronacji Fryderyka I w 1701 r. w Królewcu, która odbyła się w dniach 20 III - 17 V 1998 r. w Kunstbibliothek am Kulturforum w Berlinie <pol> 
773 0 8 |i In  |a Stiftung Preußischer Kulturbesitz  |t Jahrbuch Preußischer Kulturbesitz ...  |d Berlin : Mann, 1963-[2016]  |h 24 cm  |x 0342-0124  |g Band 35 (1998), Seite 179-188, Abb.  |w (DE-603)046848940  |w (DE-600)3758-8 
924 0 |9 2080  |a (DE-603)787748757  |b DE-2080  |c HES  |d d  |g /